<?xml version="1.0" encoding="UTF-8"?>
<record
    xmlns:xsi="http://www.w3.org/2001/XMLSchema-instance"
    xsi:schemaLocation="http://www.loc.gov/MARC21/slim http://www.loc.gov/standards/marcxml/schema/MARC21slim.xsd"
    xmlns="http://www.loc.gov/MARC21/slim">

  <leader>01839cam a2200229 i 4500</leader>
  <datafield tag="999" ind1=" " ind2=" ">
    <subfield code="c">38712</subfield>
    <subfield code="d">38712</subfield>
  </datafield>
  <datafield tag="020" ind1=" " ind2=" ">
    <subfield code="a">9789390095070</subfield>
  </datafield>
  <datafield tag="082" ind1=" " ind2=" ">
    <subfield code="a">614.5</subfield>
    <subfield code="b">COV-</subfield>
  </datafield>
  <datafield tag="245" ind1="0" ind2="0">
    <subfield code="a">COVID-19 :</subfield>
    <subfield code="b">analysing the threat /</subfield>
    <subfield code="c">edited by  Ajey Lele, Kritika Roy.</subfield>
  </datafield>
  <datafield tag="260" ind1=" " ind2=" ">
    <subfield code="a">New Delhi:</subfield>
    <subfield code="b">Pentagon Press,</subfield>
    <subfield code="c">2021.</subfield>
  </datafield>
  <datafield tag="300" ind1=" " ind2=" ">
    <subfield code="a">xxvii, 426 p.:</subfield>
    <subfield code="b">illustrations, maps ;</subfield>
    <subfield code="e">24cm</subfield>
  </datafield>
  <datafield tag="500" ind1=" " ind2=" ">
    <subfield code="a">Contributed articles.</subfield>
  </datafield>
  <datafield tag="504" ind1=" " ind2=" ">
    <subfield code="a">Includes bibliographical references and index.</subfield>
  </datafield>
  <datafield tag="505" ind1="0" ind2=" ">
    <subfield code="a">Preface -- Abbreviations -- About the contributors -- Introduction -- section I. The global outlook of COVID-19 -- section II. Assessment and responses -- section III. Science and technology -- section IV. Politics and COVID-19 -- section V. Biological security -- Editors' musings -- Appendix: Draft landscape of COVID-19 candidate vaccines, 29 June 2020 -- Index.</subfield>
  </datafield>
  <datafield tag="520" ind1=" " ind2=" ">
    <subfield code="a">The current pandemic has caused a cataclysmic disruption in the 'daily routine' across the nations and sectors. The damage this crisis has brought to lives and economies is unimaginable. This pandemic is a wake-up call to bring about systematic and structural changes to deal with such unanticipated menaces that can bring the world to a sudden halt. This book attempts to contextualize and examine the nature of the ongoing pandemic. The experts who have contributed to the book analyze key geopolitical and technological aspects of the COVID-19 crisis. Besides, the book presents views from a few important States concerning their role in combating the ongoing crisis. The book also explores the issues of biosecurity and bioethics.</subfield>
  </datafield>
  <datafield tag="650" ind1=" " ind2="0">
    <subfield code="a">COVID-19 Pandemic, 2020-</subfield>
  </datafield>
  <datafield tag="650" ind1=" " ind2="0">
    <subfield code="a">COVID-19 (Disease)</subfield>
    <subfield code="x">Prevention.</subfield>
  </datafield>
  <datafield tag="650" ind1=" " ind2="0">
    <subfield code="a">COVID-19 (Disease)</subfield>
    <subfield code="x">Government policy.</subfield>
  </datafield>
  <datafield tag="650" ind1=" " ind2="0">
    <subfield code="a">COVID-19 (Disease)</subfield>
    <subfield code="x">Social aspects.</subfield>
  </datafield>
  <datafield tag="700" ind1="1" ind2=" ">
    <subfield code="a">Lele, Ajey</subfield>
    <subfield code="e">editor.</subfield>
  </datafield>
  <datafield tag="700" ind1="1" ind2=" ">
    <subfield code="a">Roy, Kritika</subfield>
    <subfield code="e">editor.</subfield>
  </datafield>
  <datafield tag="942" ind1=" " ind2=" ">
    <subfield code="2">ddc</subfield>
    <subfield code="c">BK</subfield>
  </datafield>
  <datafield tag="952" ind1=" " ind2=" ">
    <subfield code="0">0</subfield>
    <subfield code="1">0</subfield>
    <subfield code="4">0</subfield>
    <subfield code="7">0</subfield>
    <subfield code="a">NASSDOC</subfield>
    <subfield code="b">NASSDOC</subfield>
    <subfield code="d">2024-03-20</subfield>
    <subfield code="e">11</subfield>
    <subfield code="g">1440.39</subfield>
    <subfield code="l">0</subfield>
    <subfield code="o">614.5 COV-</subfield>
    <subfield code="p">53912</subfield>
    <subfield code="r">2024-04-03 00:00:00</subfield>
    <subfield code="v">1995.00</subfield>
    <subfield code="w">2024-03-20</subfield>
    <subfield code="y">BK</subfield>
  </datafield>
</record>
